| 000 | 00000nam 2200000za 4500 |
| 001 | 9.699509 |
| 003 | CaOODSP |
| 005 | 20210625000419 |
| 006 | m o d f |
| 007 | cr ||||||||||| |
| 008 | 190318s1989 oncad|| ob f000 0 eng d |
| 040 | |aCaOODSP|beng |
| 043 | |an-cn--- |
| 086 | 1 |aA53-1823/1989E-PDF |
| 110 | 1 |aCanada.|bAgriculture Canada.|bResearch Branch. |
| 245 | 10|aSpoilage and heating of stored agricultural products : |h[electronic resource]|bprevention, detection, and control / |c[by] J.T. Mills. |
| 264 | 1|a[Ottawa] : |bAgriculture and Agri-Food Canada, Research Branch, |c1989. |
| 300 | |a112p.|bfigs., graphs, references, tables, photographs, index |
| 500 | |aHistorical publication digitized by Agriculture and Agri-Food Canada. |
| 590 | |a15-01-Supp|b2015-01-26 |
| 690 | 07|aAgri-food products|2gcpds |
| 690 | 07|aStorage|2gcpds |
| 775 | 08|tLa détérioration et l'échauffement des produits agricoles entreposés : |w(CaOODSP)9.643459 |
| 856 | 40|ahttp://publications.gc.ca|qPDF|s6.6 MB|uhttps://publications.gc.ca/collections/collection_2014/aac-aafc/agrhist/A53-1823-1989-eng.pdf |
| 986 | |a1823E |